Ëtudes philosophiques. (Record no. 155761)

MARC details
000 -LEADER
campo de control de longitud fija 00840nam a22002055i 4500
001 - NÚMERO DE CONTROL
campo de control 155761
003 - IDENTIFICADOR DE NÚMERO DE CONTROL
campo de control ES-MaACL
005 - FECHA Y HORA DE LA ÚLTIMA TRANSACCIÓN
campo de control 20230906210205.0
008 - DATOS DE LONGITUD FIJA--INFORMACIÓN GENERAL
campo de control de longitud fija 021017d1856 fr |||| | fre d
040 ## - FUENTE DE CATALOGACIÓN
Centro catalogador/agencia de origen CYL
Lengua de catalogación spa
Centro/agencia transcriptor CYL
100 1# - ENTRADA PRINCIPAL--NOMBRE DE PERSONA
Nombre de persona Hugonin, F.
9 (RLIN) 128083
245 10 - MENCIÓN DEL TÍTULO
Título Ëtudes philosophiques.
Nombre de parte o sección de la obra Ontologie ou étude des lois de la pensée /
Mención de responsabilidad, etc. per M. l'abbé F. Hugonin.
260 ## - PUBLICACIÓN, DISTRIBUCIÓN, ETC.
Lugar de publicación, distribución, etc. Paris :
Nombre del editor, distribuidor, etc. Librairie classsique d'Eugéne Belin,
Fecha de publicación, distribución, etc. 1856 (
Fabricante imprimerie de Mme Vº Belin)
300 ## - DESCRIPCIÓN FÍSICA
Extensión v. ;
Dimensiones 22 cm.
505 8# - NOTA DE CONTENIDO CON FORMATO
Nota de contenido con formato Tome Premier (XIV, 527 P.)
596 #1 - NOTA AL PIE DE IMPRENTA
NOTA AL PIE DE IMPRENTA Marca tip. en port.
597 #1 - NOTA DE DESCRIPCIÓN FÍSICA
NOTA DE DESCRIPCIÓN FÍSICA Antep.
752 ## - ENTRADA AGREGADA--NOMBRE JERÁRQUICO DEL LUGAR
País o entidad superior Francia -
Ciudad Paris
852 ## - LOCALIZACIÓN
Ubicación ES-MaACL
Número de control de estantería G-11937-11938
Nota libre -- Enc. hol.
Encuadernación -- Edic.: El tit. debería ser: "Ontologie ou étude des lois de la pensée : études philosophiques" -- El t.II está fechado en 1857 y tiene 522 p.
Holdings
Estatus retirado Estado de pérdida Estado de daño No para préstamo Colección Biblioteca de origen Biblioteca actual Ubicación en estantería Fecha de adquisición Fuente de adquisición Total de préstamos Signatura topográfica completa Código de barras Visto por última vez Precio de reemplazo Tipo de ítem Koha
        Libros del s. XIX Biblioteca del Ateneo de Madrid Biblioteca del Ateneo de Madrid Sala Pecera Planta 3 17/01/2008     G-11937-11938 1162934 23/02/2023 23/02/2023 Libro impreso antiguo